Társasági adó az Európai Unióban
Elmentve itt :
| Szerző: | |
|---|---|
| További közreműködők: | |
| Dokumentumtípus: | Szakdolgozat |
| Megjelent: |
2005
|
| Tárgyszavak: | |
| Online Access: | http://diploma.bibl.u-szeged.hu/32772 |
| LEADER | 00524nta a2200157 i 4500 | ||
|---|---|---|---|
| 001 | dipl32772 | ||
| 005 | 20130314092914.0 | ||
| 008 | 110718s2005 hu om 0|| zxx d | ||
| 040 | |a SZTE Diploma Repozitórium |b hun | ||
| 041 | |a zxx | ||
| 100 | 1 | |a Gyaraki Judit | |
| 245 | 1 | 0 | |a Társasági adó az Európai Unióban |h [elektronikus dokumentum] / |c Judit Gyaraki |
| 260 | |c 2005 | ||
| 650 | 4 | |a Gazdaságtudományok | |
| 700 | 1 | |a Deák István |e ths | |
| 856 | 4 | 0 | |u http://diploma.bibl.u-szeged.hu/id/eprint/32772/1/szakdolgozat.pdf |z Dokumentum-elérés |